000 01330cam a22003254a 4500
001 13543694
003 NUST-PNEC
005 20170116180658.0
008 040331s2004 vaua b 001 0 eng
010 _a 2004007429
020 _a1563476657
040 _aDLC
_cPNEC
_dDLC
042 _apcc
043 _an-us---
050 0 0 _aUF503
_b.D75 2004
082 0 0 _a355.8 DRI
100 1 _aDriels, Morris R.
245 1 0 _aWeaponeering :
_bconventional weapon system effectiveness /
_cMorris Driels.
260 _aReston, Va. :
_bAmerican Institute of Aeronautics and Astronautics, Inc.,
_cc2004.
300 _axxix, 475 p. :
_bill. ;
_c24 cm.
440 0 _aAIAA education series
500 _aIncludes Index http://www.amazon.com/Weaponeering-AIAA-Education-M-Driels/dp/1563476657/ref=sr_1_1?s=books&ie=UTF8&qid=1409990270&sr=1-1&keywords=1563476657
504 _aIncludes bibliographical references and index.
650 _xWE, MIS
651 0 _aUnited States
_xArmed Forces
_xWeapons systems
_xEvaluation.
856 4 1 _3Table of contents
_uhttp://www.loc.gov/catdir/toc/ecip0416/2004007429.html
906 _a7
_bcbc
_corignew
_d1
_eecip
_f20
_gy-gencatlg
942 _2ddc
_cBK
999 _c60455
_d60455